The mystery of manor hall / (Record no. 4602)

MARC details
000 -LEADER
fixed length control field 01231nam a22003017a 4500
001 - CONTROL NUMBER
control field 4602
003 - CONTROL NUMBER IDENTIFIER
control field FISKH
005 - DATE AND TIME OF LATEST TRANSACTION
control field 20251212140310.0
008 - FIXED-LENGTH DATA ELEMENTS--GENERAL INFORMATION
fixed length control field 240918b cb ||||| |||| 00| 0 eng d
020 ## - INTERNATIONAL STANDARD BOOK NUMBER
International Standard Book Number 9780194785990
040 ## - CATALOGING SOURCE
Original cataloging agency FISKH
Language of cataloging eng
Transcribing agency FISKH
Modifying agency FISKH
050 ## - LIBRARY OF CONGRESS CALL NUMBER
Classification number PE1127.S45
082 ## - DEWEY DECIMAL CLASSIFICATION NUMBER
Edition number 428.6
100 ## - MAIN ENTRY--PERSONAL NAME
Personal name Cammack, Jane
Dates associated with a name (1911-1929)
245 ## - TITLE STATEMENT
Title The mystery of manor hall /
Statement of responsibility, etc. Jane Cammack Illustrated by Jerome Mireault
250 ## - EDITION STATEMENT
Edition statement First published in 2013
260 ## - PUBLICATION, DISTRIBUTION, ETC.
Place of publication, distribution, etc. Great Clarendon :
Name of publisher, distributor, etc. Oxford university press,
Date of publication, distribution, etc. 2013.
300 ## - PHYSICAL DESCRIPTION
Extent 40 pages :
Other physical details Color illustrations ;
Dimensions 20cm
505 ## - FORMATTED CONTENTS NOTE
Formatted contents note J<br/>
520 ## - SUMMARY, ETC.
Summary, etc. Help your students read their way to better English.The Oxford Bookworms Library offers high-quality storytelling and a great reading experience, with a world wide range of classic and modern fiction, non-fiction and plays. Bookworms include original and adapted texts in seven carefully graded language stages (Starter to Stage 6), which take learnersfrom beginner to advanced level.
521 8# - TARGET AUDIENCE NOTE
Target audience note 440L<br/>
Source Lexile<br/>
521 8# - TARGET AUDIENCE NOTE
Target audience note J<br/>
Source Raz-Plus<br/>
650 ## - SUBJECT ADDED ENTRY--TOPICAL TERM
Source of heading or term Mystery
Topical term or geographic name entry element To-read
650 ## - SUBJECT ADDED ENTRY--TOPICAL TERM
Source of heading or term Drama
Topical term or geographic name entry element Beginner
700 ## - ADDED ENTRY--PERSONAL NAME
Personal name Mireault, Jerome
Dates associated with a name Illustrator
942 ## - ADDED ENTRY ELEMENTS (KOHA)
Source of classification or shelving scheme Dewey Decimal Classification
Koha item type Books
Suppress in OPAC No
Holdings
Withdrawn status Lost status Source of classification or shelving scheme Damaged status Not for loan Collection Home library Current library Shelving location Date acquired Total Checkouts Full call number Barcode Date last seen Date last checked out Copy number Price effective from Koha item type
    Dewey Decimal Classification     Fiction Footprints International School Library Network Toul Tom Poung Campus Footprints International School Library Network Toul Tom Poung Campus TTP Primary Dark Blue Bookshelves 09/18/2024 2 CAM 428.6 PE1127.S45 2024-1997 05/16/2025 05/08/2025 1 09/18/2024 Books